Quick Pick: 'Saint' Songs Quiz Stats

 Plays Quiz Updated Sep 26, 2017

Challenge
Share
Tweet
Embed
Score 0/12 Timer 01:30
4 Plays Today
% Correct
Tony Bennett
78.1%
Louis Armstrong
75.8%
Dionne Warwick
69.8%
Judy Garland
64.9%
The Beach Boys
64.7%
John Parr
52.3%
Scott McKenzie
45.9%
Bruce Springsteen
39%
Eric Burdon and The Animals
32%
Elton John
28.6%
Village People
24.8%
The Skids
21.9%

Today's Daily Dose

Word Ladder
Bruno Mars Song

Get the Picture
Japanese Cars

You're not logged in!

Compare scores with friends on all Sporcle quizzes.
OR
Log In

You Might Also Like...

Show Comments

Extras

Top Quizzes Today


Score Distribution

Your Account Isn't Verified!

In order to create a playlist on Sporcle, you need to verify the email address you used during registration. Go to your Sporcle Settings to finish the process.

Report this User

Report this user for behavior that violates our Community Guidelines.

Details: